Luminaries of fictional theory : (Record no. 138261)
[ view plain ]
| 000 -LEADER | |
|---|---|
| fixed length control field | 00655nam a22001937a 4500 |
| 005 - DATE AND TIME OF LATEST TRANSACTION | |
| control field | 20170314170817.0 |
| 010 ## - LCCN (DPL NO) | |
| LC control number | ENG-117486 |
| 020 ## - INTERNATIONAL STANDARD BOOK NUMBER | |
| International Standard Book Number | 8188962430 |
| Terms of availability | 895.00 |
| 035 ## - SYSTEM CONTROL NUMBER | |
| System control number | EN-101018 |
| 037 ## - SOURCE OF ACQUISITION | |
| Source of stock number/acquisition | DBAD/PUB |
| 082 ## - DEWEY DECIMAL CLASSIFICATION NUMBER | |
| Classification number | 883.092 |
| 100 ## - MAIN ENTRY--PERSONAL NAME | |
| Personal name | Mohammad Shamim |
| 245 ## - TITLE STATEMENT | |
| Title | Luminaries of fictional theory : |
| Statement of responsibility, etc | by Mohammad Shamim |
| Remainder of title | Henry James,E.M. Forster and Wayne C.Booth / |
| 260 ## - PUBLICATION, DISTRIBUTION, ETC. (IMPRINT) | |
| Place of publication, distribution, etc | Bareilly |
| Name of publisher, distributor, etc | Neel Kamal Prakashan |
| Date of publication, distribution, etc | 2016 |
| 270 ## - ADDRESS | |
| Address | 856,Katra Chand Khan,Devki Namdan Maurya Street, |
| City | Bareilly(U.P.) |
| Postal code | 243005 |
| 300 ## - PHYSICAL DESCRIPTION | |
| Extent | 134p. |
| Other physical details | 24cm(Hb) |
| 500 ## - GENERAL NOTE | |
| General note | Included bibliographical references |
| 942 ## - ADDED ENTRY ELEMENTS (KOHA) | |
| Source of classification or shelving scheme | Dewey Decimal Classification |
| Item type | English Books |
| Classification part | 883.092 |
| Call number suffix | MOH |
| Withdrawn status | Lost status | Not for loan | Collection code | Home library | Current library | Date acquired | Source of acquisition | Cost, normal purchase price | Full call number | Barcode | Copy number | Cost, replacement price | Koha item type |
|---|---|---|---|---|---|---|---|---|---|---|---|---|---|
| Not For Loan | Non-fiction | D.B.Act.Division | Bawana | 14/03/2017 | DBAD/PUB | 895.00 | 883.092 MOH | EN-101018 | 1 | 895.00 | English Books |
